| 000 | 01030nam a2200217Ia 4500 | ||
|---|---|---|---|
| 003 | OSt | ||
| 005 | 20241004144648.0 | ||
| 007 | ca aa aaaaa | ||
| 008 | 201103s9999 xx 000 0 und d | ||
| 040 | _cSSBUL | ||
| 041 | _abur | ||
| 082 |
_2၂23 _a၂၉၄.၃၀၉၂ မင်း _b၁၃၁၁၂ S-SAT |
||
| 100 | 0 |
_a မင်းကြည်လှိုင်၊ သန်လျင် _919281 |
|
| 100 | _919281 | ||
| 245 | 1 | 0 |
_aရှင်ဥပဂုတ္တ မထေရ်မြတ်ကြီးထေရုပ္ပတ္တိနှင့် ပရိတ်တော် / _cသန်လျင်မင်းကြည်လှိုင် ။ |
| 260 |
_aရန်ကုန် ၊ _bချိုးဖြူပုံနှိပ်ှိပ်က် ၊ _c၁၉၈၉ ။ |
||
| 300 |
_a၈၇ စာမျက်နှာ ၊ _c၁၈ စင်တီ ။ |
||
| 500 | _aS-SAT: Prof. Dr. Sai Aung Tun | ||
| 650 |
_aရှင်ဉပဂုတ္တ _xထေရုပ္ပတ္တိ _954885 |
||
| 942 |
_cBK1 _2ddc |
||
| 999 |
_c40922 _d40922 |
||